Movies Quiz

Random Movies or Clickable Quiz

50 Flicks to Click (1985) Quiz Stats

 Plays Quiz Updated May 14, 2018

Score 0/50 Timer 07:00
5 Plays Today
% Correct
Back
94.9%
Fun
94.9%
Color
92.7%
Elmo's
92.3%
Room
92.2%
Adventure
92%
Seeking
91.7%
Dead
91.6%
Nile
90%
Breakfast
89.4%
Living
88.8%
Weird
88.4%
Rambo
88.1%
Wolf
87.4%
Rocky
85.7%
Africa
85.5%
Thunderdome
85%
Shoe
83.8%
View
83.7%
L.A.
82.2%
European
81.4%
Rose
79.7%
Brewster's
79.4%
Spider
78.5%
Bitten
78.4%
% Correct
Spies
78.1%
Day
78%
Young
75.1%
Prizzi's
72.6%
Hours
72.2%
Jagged
71.9%
Quest
71.5%
Fright
70.1%
Dog
67.4%
Cauldron
67.1%
Oz
66.8%
Sure
64.7%
Pale
64.1%
Chorus
63.9%
Animator
61.3%
Falcon
57.8%
Sonja
56.4%
Genius
53.6%
Enemy
52.9%
Agnes
51.3%
Remo
50.1%
Romance
49.9%
White
48.4%
Journey
47.8%
Laundrette
40.7%

You're not logged in!

Compare scores with friends on all Sporcle quizzes.
OR
Log In

You Might Also Like...

Show Comments

Extras

Top Quizzes Today


Score Distribution

Your Account Isn't Verified!

In order to create a playlist on Sporcle, you need to verify the email address you used during registration. Go to your Sporcle Settings to finish the process.

Report this User

Report this user for behavior that violates our Community Guidelines.

Details: